Datum a čas kvízu
30
Celkem bodů
Celkový počet nahraných bodů na tomto kvízu bez doplňovacích otázek.
3.
Pořadí na kvízu
Konečné umístění týmu na tomto kvízu.
Zaznamenané odpovědi
| # | Otázka | Odpověď | Body | Výsledky |
|---|---|---|---|---|
| 1. | Marek Hilšer a Jiří Drahoš ozn... | 1 | ||
| 2. | Orbánova vláda minulý týden za... | 1 | ||
| 3. | Jak se jmenuje první osobnost,... | 1 | ||
| 4. | Nový nástupce kompaktní třídy... | 1 | ||
| 5. | V neděli získaly tyto české te... | 1 | ||
| 6. | V hlasování na facebooku poraz... | 0 | ||
| 7. | "Ten Francin je nějaké ____ na... | 1 | ||
| 8. | Jak se jmenoval hlavní hrdina... | 1 | ||
| 9. | Kterým slovem, pro Hrabala typ... | 1 | ||
| 10. | Celkem kolik osob cestuje dopr... | 1 |